000 00589nam a2200181 a 4500
001 20971
005 20180713214637.0
008 140415s1969 000 0 spa d
041 _aspa
082 _a330.1724
_bNEV
100 1 _aNEVIN, EDWARD
245 1 0 _aFONDOS DE CAPITAL EN LOS PAISES SUBDESARROLLADOS :
_bLA MISION DE LAS INSTITUCIONES FINANCIERAS
260 _a[s.l.] :
_bFONDO DE CULTURA ECONOMICA,
_c1969
300 _a152
490 _aSECCION DE OBRAS DE ECONOMIA
650 1 4 _aDESARROLLO ECONOMICO
_xPAISES EN DESARROLLO
700 1 _aMATEO, ANDRES M.
_etr.
999 _c20971
_d20971